Host Cities of the Olympics - Statistics

General Stats
  • This quiz has been taken 74 times
  • The average score is 34 of 55
Answer Stats
Year City % Correct
summer 1896 Athens
93%
summer 1936 Berlin
90%
summer 1900 Paris
87%
summer 1976 Montreal
83%
summer 1996 Atlanta
80%
summer 2012 London
80%
summer 1960 Rome
80%
summer 2000 Sydney
80%
summer 2004 Athens
77%
summer 2016 Rio de Janeiro
77%
winter 2014 Sochi
77%
summer 1904 St. Louis
77%
summer 1992 Barcelona
73%
summer 1908 London
73%
summer 1984 Los Angeles
73%
summer 1980 Moscow
73%
summer 1972 Munich
73%
summer 1964 Tokyo
70%
summer 2020 Tokyo
70%
summer 2008 Beijing
67%
summer 1948 London
67%
winter 2002 Salt Lake City
67%
summer 1920 Antwerp
63%
winter 1994 Lillehammer
63%
summer 1968 Mexico City
63%
winter 1998 Nagano
63%
summer 1988 Seoul
63%
winter 2010 Vancouver
63%
winter 2022 Beijing
60%
summer 1956 Melbourne
60%
summer 2024 Paris
60%
winter 2006 Turin
60%
winter 1988 Calgary
57%
winter 1924 Chamonix
57%
winter 1984 Sarajevo
57%
summer 1912 Stockholm
57%
summer 1928 Amsterdam
53%
summer 1952 Helsinki
53%
summer 2028 Los Angeles
53%
summer 1924 Paris
53%
winter 1960 Squaw Valley
53%
winter 1964 Innsbruck
50%
winter 1976 Innsbruck
50%
winter 1980 Lake Placid
50%
winter 2018 Pyeongchang
47%
winter 1992 Albertville
43%
winter 1972 Sapporo
43%
winter 1928 St. Moritz
43%
winter 1968 Grenoble
40%
summer 1932 Los Angeles
40%
winter 1952 Oslo
37%
winter 1932 Lake Placid
33%
winter 1936 Garmisch-Partenkirchen
30%
winter 1956 Cortina d'Ampezzo
27%
winter 1948 St. Moritz
27%
No matching quizzes found
Score Distribution
Percent of People with Each Score
Percentile by Number Answered
Your Score History
You have not taken this quiz